000 00401nam a2200169Ia 4500
001 2601
003 IN-NITTTR
005 20251114232933.0
008 251113s9999||||xx |||||||||||||| ||eng||
040 _beng
040 _cIN-NITTTR
041 _aeng
082 _a372.2 K86T
100 _aKramer, Klaas
245 4 _aThe teaching of elementary school mathematics /
_cKramer, Klaas
942 _2ddc
_cBK
999 _c4112
_d4112